| 000 | 00786nam a22002537a 4500 | ||
|---|---|---|---|
| 005 | 20251108172233.0 | ||
| 008 | 250721s1993 xx 000 0 ara d | ||
| 020 | _a977516107X | ||
| 082 | 1 | 4 | _aط/525/موس |
| 100 | 1 | _aالغالى، ممدوح | |
| 245 | 1 | 0 | _aموسوعة العلم والايمان : الأرض و ظواهرها الطبيعية / |
| 250 | _aط2 | ||
| 264 | 1 |
_aالقاهره : _bمنشورات الغالي، _c1993. |
|
| 300 | _aج3 | ||
| 490 | 0 |
_aموسوعة العلم و الايمان _v3 |
|
| 650 | 1 | 7 | _aالأرض |
| 650 | 1 | 7 | _aالبراكين |
| 650 | 1 | 7 | _aالرياح |
| 650 | 1 | 7 | _aالعواصف |
| 650 | 1 | 7 | _aالظواهر الطبيعية |
| 653 | _aناشئون صغار (10-14) سنة | ||
| 942 |
_2ddc _cREF |
||
| 999 |
_c73891 _d73891 |
||